000 01648nam0a2200457 4500
001 RU\NLR\bibl\432611
005 20250623172059.0
010 _a5-8291-0298-6
_93000
021 _aRU
_b2003-31459
_91487
035 _a(NLR Aleph) 000426450
090 _a727475
_c727475
100 _a20030811d2003 |||y0rusy50 ca
101 0 _arus
102 _aRU
105 _ay |||||||||
200 1 _aКультуролого-экономический словарь
_eУчеб. пособие для вузов
_fР. П. Трофимова
210 _aМ.
_cАкад. проект
_aЕкатеринбург
_cДеловая кн.
_d2003
215 _a958, [2] с.
_d21
225 1 _aGaudeamus
320 _aБиблиогр.: с. 921-936
606 0 _aКультурология
_jТерминологические словари
_91437504
_3RU\NLR\auth\66607983
606 0 _aЭкономика
_jТерминологические словари
_91414491
_3RU\NLR\auth\66284709
610 0 _aКультурология - Словари учебные
610 0 _aЭкономика - Словари учебные
675 _a[008
_v3
_zrus
675 _a33](075.8)
_v3
_zrus
686 _a13
_2rugasnti
686 _a71
_2rubbk
686 _aТ3(0)0-7я212
686 _aУ.я212
686 _aС550.2я212
686 _aЧ111я212
700 1 _aТрофимова
_bР. П.
_gРоксана Павловна
_4070
801 0 _aRU
_bRKP
_c20030811
_gPSBO
801 1 _aRU
_bRKP
_c20030811
801 2 _aRU
_bNLR
_c20031104
_grcr
830 _aАвт. по кн.
942 _cBOOK
980 _aNB